000 00361nam a2200133Ia 4500
005 20260326100047.0
008 260326s9999||||xx |||||||||||||| ||und||
100 _aMontenegro Lizarralde, Fernando
245 0 _aLa Vivienda de Guillermo Bermúdez /
_cFernando Montenegro Lizarralde
260 _bEscala
300 _a218 p.
650 _aARQUITECTOS
942 _cBK
999 _c7231
_d7231